Districts of Newcastle Upon Tyne - Statistics

General Stats
  • This quiz has been taken 29 times
  • The average score is 7 of 25
Answers on the Map
Answers color-coded by a green-red scale on the quiz's map according to % correct below.
 
Answer Stats
Answer % Correct
Byker
84%
Gosforth
80%
Walker
64%
Benwell and Scotswood
48%
Heaton
44%
Denton and Westerhope
40%
Fawdon and West Gosforth
40%
Kenton
40%
Elswick
28%
Callerton and Throckley
24%
Monument
24%
Ouseburn
24%
Walkergate
20%
Arthur's Hill
12%
Blakelaw
12%
Lemington
12%
North Jesmond
12%
South Jesmond
12%
Castle
8%
Dene
8%
Parklands
8%
West Fenham
8%
Wingrove
8%
Chapel
4%
Cheviot View
0%
No matching quizzes found
Score Distribution
Percent of People with Each Score
Percentile by Number Answered
Your Score History
You have not taken this quiz